|
|
|
|
| LEADER |
00000nam0a2200000 4500 |
| 001 |
72009 |
| 005 |
20231031083041.0 |
| 010 |
|
|
|a 506004792X
|
| 035 |
|
|
|a (RuTPU)RU\TPU\book\76753
|
| 090 |
|
|
|a 72009
|
| 100 |
|
|
|a 20041229d2005 m y0rusy50 ca
|
| 101 |
0 |
|
|a rus
|
| 102 |
|
|
|a RU
|
| 105 |
|
|
|a a j 011zy
|
| 200 |
1 |
|
|a География почв с основами почвоведения
|e учебник для вузов
|f А. Н. Геннадиев, М. А. Глазовская
|g Московский государственный университет им. М. В. Ломоносова
|
| 210 |
|
|
|a Москва
|c Высшая школа
|d 2005
|
| 215 |
|
|
|a 461 с.
|c ил.
|
| 225 |
1 |
|
|a Классический университетский учебник
|
| 300 |
|
|
|a К 250-летию МГУ имени М. В. Ломоносова.
|
| 320 |
|
|
|a Библиогр.: с. 457-459.
|
| 330 |
|
|
|a В учебнике, написанном в соответствии с Государственным образовательным стандартом, рассмотрены предмет и задачи географии почв и в более широком плане — почвоведения. Раскрыта роль компонентов географической среды как факторов почвообразования. Дана характеристика состава и свойств твердой, жидкой и газовой фаз почвы. Изложены принципы классификации почв. На основе описания географии, генезиса и свойств основных почв мира проанализированы закономерности их распространения и организации строения почвенного покрова Земли. Даны представления о почвенных ресурсах мира, их охране и мелиорации. Для студентов-географов, почвоведов, экологов.
|
| 451 |
|
1 |
|0 (RuTPU)RU\TPU\book\154927
|y 978-5-06-005940-3
|t География почв с основами почвоведения
|o учебник для вузов
|f А. Н. Геннадиев, М. А. Глазовская
|e 2-е изд., доп.
|c М.
|n Высшая школа
|d 2008
|p 462 с.
|s География
|a Геннадиев, Александр Николаевич
|
| 610 |
1 |
|
|a почвоведение
|
| 610 |
1 |
|
|a почвообразование
|
| 610 |
1 |
|
|a факторы
|
| 610 |
1 |
|
|a почва
|
| 610 |
1 |
|
|a твердые фазы
|
| 610 |
1 |
|
|a жидкие фазы
|
| 610 |
1 |
|
|a газовые фазы
|
| 610 |
1 |
|
|a состав
|
| 610 |
1 |
|
|a свойства
|
| 610 |
1 |
|
|a классификация
|
| 610 |
1 |
|
|a почвенно-географическое районирование
|
| 610 |
1 |
|
|a генезис
|
| 610 |
1 |
|
|a география
|
| 610 |
1 |
|
|a почвенные ресурсы
|
| 610 |
1 |
|
|a охрана
|
| 610 |
1 |
|
|a мелиорация
|
| 610 |
1 |
|
|a учебники
|
| 675 |
|
|
|a 631.4(075.8)
|v 3
|
| 700 |
|
1 |
|a Геннадиев
|b А. Н.
|g Александр Николаевич
|
| 701 |
|
1 |
|a Глазовская
|b М. А.
|g Мария Альфредовна
|
| 712 |
0 |
2 |
|a Московский государственный университет им. М. В. Ломоносова
|2 stltpush
|3 (RuTPU)RU\TPU\col\7
|
| 801 |
|
1 |
|a RU
|b 63413507
|c 20041229
|g PSBO
|
| 801 |
|
2 |
|a RU
|b 63413507
|c 20210531
|g PSBO
|
| 900 |
|
|
|a Почвоведение и экология почв
|
| 942 |
|
|
|c BK
|
| 952 |
|
|
|b 020401
|
| 959 |
|
|
|a 18/20060226
|d 5
|e 271,48
|f ЧЗТЛ:2
|f АНЛ:2
|f НФ:1
|